| 000 | 00370nam a2200145Ia 4500 | ||
|---|---|---|---|
| 008 | 240624s9999 xx 000 0 und d | ||
| 041 | _aeng | ||
| 082 | _a658.4092 CRA | ||
| 100 | _aCRAINER STUART | ||
| 245 | _aBUSINESS THE UNIVERSE AND EVERYTHING CON | ||
| 250 | _a11 | ||
| 260 |
_c2003 _aChichester _bCapstone |
||
| 300 | _axi, : 147 : p. : cm. ; 23 | ||
| 365 |
_c _b30 |
||
| 999 |
_c17854 _d17854 |
||